000 00467nam a2200181Ia 4500
008 200601s9999 xx 000 0 und d
020 _a81-86830-67-7
050 _aREF HF 1002.E2
050 _b.B87 2004
245 0 _aBusiness dictionary /
260 _aNew Delhi, India:
260 _bPentagon Press.
260 _c2004
300 _a268 pages :
300 _c19 cm.
650 _aEconomics -- Dictionaries.
650 _xEnglish language -- Dictionaries.
999 _c363346
_d363346